LEADER 01209nam a2200265 i 4500 001 991002039679707536 005 20020507155442.0 008 000613s1984 it ||| | ita 035 $ab11600251-39ule_inst 035 $aLE02729437$9ExL 040 $aDip.to Studi Giuridici$bita 082 0 $a342.377 084 $aR-III/E 100 1 $aCostabile, Felice$0155663 245 10$aIstituzioni e forme costituzionali :$bnelle cittą del Bruzio in etą romana :$bCivitates foederatae, coloniae e municipia, in Italia meridionale attraverso i documenti epigrafici /$cFelice Costabile 260 $aNapoli :$bEdizioni scientifiche italiane,$c1984 300 $a216 p. ;$c24 cm. 490 0 $aPubblicazioni della Facoltą di giurisprudenza di Catanzaro, Universitą degli studi di Reggio Calabria ;$v2 651 4$aBruzio$xOrdinamento istituzionale$ySec. 3. a. C.-2.$xFonti epigrafiche 907 $a.b11600251$b01-03-17$c02-07-02 912 $a991002039679707536 945 $aLE027 R-III/E 68$g1$iLE027CL-1284$lle027$o-$pE0.00$q-$rl$s- $t0$u0$v0$w0$x0$y.i11812436$z02-07-02 996 $aIstituzioni e forme costituzionali$9896752 997 $aUNISALENTO 998 $ale027$b01-01-00$cm$da $e-$fita$git $h0$i1 LEADER 01128nam a2200277 i 4500 001 991003097899707536 005 20020509112201.0 008 000301s1983 it ||| | ita 035 $ab11108940-39ule_inst 035 $aPARLA175128$9ExL 040 $aDip.to Scienze pedagogiche$bita 082 0 $a616.89143 100 1 $aScilligo, Pio$0121082 245 10$aGestalt e analisi transazionale :$bprincipi e tecniche, 2. /$ca cura di Pio Scilligo 260 $aRoma :$bLAS,$cc1983 300 $a199 p. ;$c24 cm 490 0 $aPublicazioni della Facoltą di Scienze dell'educazione dell'Universita Pontificia Salesiana di Roma 490 0 $aEnciclopedia delle Scienze dell'Educazione ;$v19 650 4$aPsicoterapia$xMetodo dell'analisi transazionale 650 4$aPsicoterapia$xMetodo della Gestalt 907 $a.b11108940$b23-02-17$c28-06-02 912 $a991003097899707536 945 $aLE022 616 SCI01.02$g1$i2022000009584$lle022$o-$pE0.00$q-$rl$s- $t0$u1$v0$w1$x0$y.i11244550$z28-06-02 996 $aGestalt e analisi transazionale$9857781 997 $aUNISALENTO 998 $ale022$b01-01-00$cm$da $e-$fita$git $h0$i1 LEADER 01094nam a2200301 i 4500 001 991003671649707536 005 20021220115219.0 008 021107s2002 us ||| | eng 020 $a0824707303 035 $ab11846227-39ule_inst 035 $aLE01313090$9ExL 040 $aDip.to Matematica$beng 082 0 $a515.73 084 $aAMS 46E30 100 1 $aRao, Malempati Madhusudana$050071 245 10$aApplications of Orlicz spaces /$cM. M. Rao, Z. D. Ren 260 $aNew York ; Basel :$bMarcel Dekker,$cc2002 300 $axi, 464 p. ;$c24 cm. 490 0 $aMonographs and textbooks in pure and applied mathematics ;$v250 500 $aIncludes bibliographical references (p. 437-455) and index 650 4$aOrlicz spaces 700 1 $aRen, Z. D. 907 $a.b11846227$b28-04-17$c20-12-02 912 $a991003671649707536 945 $aLE013 46E RAO12 (2002)$g1$i2013000135953$lle013$o-$pE0.00$q-$rl$s- $t0$u0$v0$w0$x0$y.i12098528$z20-12-02 996 $aApplications of Orlicz spaces$9899971 997 $aUNISALENTO 998 $ale013$b01-01-02$cm$da $e-$feng$gus $h0$i1